000 03368cam a22006374i 4500
003 PE-LiUPU
005 20250731165601.0
008 150625s2003 sp a r 000 0 d
020 _a8474327326
035 _a(Sirsi) i9788474327328
040 _aPE-LiUPU
_bspa
_cPE-LiUPU
_erda
049 _aPRUA
082 0 4 _a370
_bBE
_221
082 0 4 _a303.6
_bA38 2003
100 1 _aAldridge, Alan,
_eautor.
245 1 0 _aTopografía del mundo social :
_bteoría y práctica de la investigación mediante encuestas.
_n10 /
_cAlan Aldridge y Ken Levine.
264 1 _aBarcelona :
_bGedisa,
_c2003.
300 _a252 páginas ;
_c24 centímetros
336 _atext
_2rdacontent
337 _aunmediated
_2rdamedia
338 _avolume
_2rdacarrier
490 0 _aBiblioteca de educación. Herramientas universitarias ;
_v10
504 _aBibliografía: 247-250.
505 0 _aPor qué realizar encuestras. -La teoría en la práctica. -La planificación del proyecto. -La selección de las muestras. -La recogida de datos. -El diseño de las preguntas: ¿qué, cuándo, dónde, por qué, cuánto y con que frecuencia. -El procesamiento de las respuestas. -Estrategias de análisis. -La presentación de los resultados.
526 _aSEG44
526 _aSEG26
526 _aP151
526 _aP150
526 _aP149
526 _aP146
526 _aP145
526 _aP126
526 _aP125
526 _aP92
526 _aP75
526 _aP74
526 _aP27
526 _aP15
541 _g005-0002488;
650 0 4 _aCiencias sociales
_xInvestigación.
650 0 4 _aEncuestas.
700 1 _aLevine, Ken,
_eautor.
910 _tqv
_d20171025
942 _2ddc
_cBOOK
949 _a370.72 G34 10 2005
_wDEWEY
_c1
_iFJ4841
_lCCODEBUJ1
_mBUJ
_p70.00
_r0
_sY
_tBOOK
_u2015-10-9
_xINGENIERIA
_PP25
_0COMPRA
_o.STAFF. Colección General
949 _a370.72 G34 10 2005
_wDEWEY
_c2
_iFJ4842
_lCCODEBUJ1
_mBUJ
_p76.00
_r0
_sY
_tBOOK
_u2015-10-19
_xBIBLIOTECA
_zUNKNOWN
_0COMPRA
_o.STAFF. Colección General
949 _aPGE 001.42 BE 10
_wDEWEY
_c1
_i56920
_lCCODEBUL1
_mBUL
_p76.00
_r0
_sY
_tBOOK
_u2015-6-25
_xEDUCACION
_PP57
_0COMPRA
_o.CIRCNOTE. No olvidar cambiar la fecha de devolución!!!!!!!
_o.STAFF. Colección General
949 _a303.6 A38 2003
_wDEWEY
_c1
_iFJ09074
_lCCODEBUJ1
_mBUJ
_p30.00
_r0
_sY
_tBOOK
_u2017-10-25
_xEDUCACIÓN
_PP14
_0COMPRA
_o.STAFF. Colección General Juliaca
949 _a303.6 A38 2003
_wDEWEY
_c2
_iFJ09075
_lCCODEBUJ1
_mBUJ
_p30.00
_r0
_sY
_tBOOK
_u2017-10-25
_xEDUCACIÓN
_PP14
_0COMPRA
_o.STAFF. Colección General Juliaca
994 _aC0
_bPEPRU
596 _a1 3
999 _aPGE 001.42 BE 10
_wDEWEY
_c46064
_i56920
_d46064
_e2019-4-17
_f2021-11-4
_g5
_lCCODEBUL1
_mBUL
_n1
_p76.00
_q1
_r0
_sY
_tBOOK
_u2015-6-25
_xBIBLIOTECA
_PP57
_0COMPRA
_o.CIRCNOTE. No olvidar cambiar la fecha de devolución!!!!!!!
_o.STAFF. Colección General
999 _a303.6 A38 2003
_wDEWEY
_c1
_iFJ09074
_f2022-1-17
_g4
_lCCODEBUJ1
_mBUJ
_p30.00
_r0
_sY
_tBOOK
_u2017-10-25
_xEDUCACION
_PP14
_0COMPRA
_o.STAFF. Colección General Juliaca
999 _a303.6 A38 2003
_wDEWEY
_c2
_iFJ09075
_f2022-1-17
_g4
_lCCODEBUJ1
_mBUJ
_p30.00
_r0
_sY
_tBOOK
_u2017-10-25
_xEDUCACION
_PP14
_0COMPRA
_o.STAFF. Colección General Juliaca
980 _81
_gALBERTO SANCHEZ Responsable de Automatización